| 000 | 01691 a2200205 4500 | ||
|---|---|---|---|
| 020 | _a0071389989 | ||
| 020 | _a9780071389983 | ||
| 082 | 0 | 4 | _a332.632042 |
| 090 |
_c3042 _d3042 |
||
| 100 | 1 | _aRenz, Curt. | |
| 245 | 1 | 4 |
_aThe investor's guide to technical analysis / _cCurt Renz. |
| 250 | _a1st ed. | ||
| 260 |
_a[S.l.] : _bMcGraw-Hill, _c2003. |
||
| 300 |
_a160 p. ; _c23 cm. |
||
| 500 | _aPaperback. | ||
| 520 | _aEverything investors need to know to understand, utilize, and profit from the basic tools of technical analysis Technical analysis (TA) doesn't have to be difficult or intimidating. In fact, many TA tools are remarkably simple to use and have helped millions of individual investors dramatically improve their results. The Investor's Guide to Technical Analysis provides investors with practical strategies, cut-to-the-chase explanations, and detailed introductions to the basic tools and concepts of technical analysis. More than just an overview of technical analysis, this results-based book shows investors how to apply the most efficient and reliable TA tools to their investment programs and greatly increase both their confidence and their results. Straightforward examples and descriptions show investors of every type how to: Understand market cycles and their value in choosing optimal buy and sell points Identify and make use of basic indicators as well as sentiment indicators Use trend lines to accurately track market movement. | ||
| 856 | 4 | 0 |
_3Amazon.com _uhttp://www.amazon.com/exec/obidos/ASIN/0071389989/chopaconline-20 |
| 856 | 4 | 0 |
_3Amazon customer reviews _uhttp://www.chopac.org/cgi-bin/tools/azrev.pl?q=0071389989 |
| 942 |
_aNBS _cBK _k332.632042 REN |
||
| 999 |
_c345532 _d345532 |
||